00568nam a2200181Ia 4500008004100000020002200041041000800063082001500071100001800086245001500104260005000119300001400169365000800183650001400191700001800205999002100223952014200244260330s2016 xx 000 0 und d a978-1-4711-7239-7 aeng a158.1bBYR aBYRNE, RHONDA aTHE SECRET aCentral LondonbSIMON & SCHUSTER INC UKc2016 a202pgbPB cRs. aSelf-Help aBYRNE, RHONDA c1218187d1218187 00104070aAKSbAKSd2026-01-21eBMSGB, Puneg629.10l1o158.1/BYRpAKS-C-04667r2026-04-15 00:00:00s2026-04-06v629.10w2026-03-30yBK